|
|
|
|
| LEADER |
00000nab a2200000 a 4500 |
| 001 |
vtls000064486 |
| 003 |
SK-MaSNL |
| 005 |
20260304235811.0 |
| 008 |
220422c1980 xo 0 slo |
| 015 |
|
|
|a SNBRB19rr/mm-uuuuu
|
| 035 |
|
|
|a CL0074586
|
| 040 |
|
|
|a SNKBUCL
|b slo
|c SNKBUCL
|e AACR2
|
| 041 |
0 |
|
|a slo
|
| 044 |
|
|
|a xo
|c SK
|
| 080 |
|
|
|a 621
|2 1981
|
| 080 |
|
|
|a 669.1
|2 1981
|
| 080 |
|
|
|a 669
|2 1981
|
| 080 |
|
|
|a 331.82
|2 1981
|
| 080 |
|
|
|a 613.6
|2 1981
|
| 100 |
1 |
|
|a Bartek, Karol
|4 aut
|9 375080
|
| 245 |
1 |
0 |
|a Zlepšovanie pracovného prostredia v strojárskych a hutníckych podnikoch
|c Karol Bartek
|
| 300 |
|
|
|b Obr. 1.
|
| 650 |
0 |
7 |
|a strojárstvo
|2 snkbucl
|9 674
|
| 650 |
0 |
7 |
|a metalurgia
|2 snkbucl
|9 941
|
| 650 |
0 |
7 |
|a pracovné prostredie
|2 snkbucl
|9 1299
|
| 650 |
0 |
7 |
|a pracoviská rizikové
|2 snkbucl
|9 930416
|
| 655 |
|
7 |
|a články z novín a časopisov
|2 snkbucl
|9 267496
|
| 773 |
0 |
|
|t Sociálna politika
|g Roč. 6, č. 7 (1980), s. 150-151
|
| 850 |
|
|
|a Slovenská národná knižnica v Martine
|a MTA001
|
| 852 |
|
|
|a SNK
|b KIS3GCP
|
| 958 |
|
|
|a RK
|
| 958 |
|
|
|a ME
|
| 992 |
|
|
|a RBX
|
| 999 |
|
|
|c 3210608
|d 3212538
|